| 000 | 00564nam a2200169 a 4500 | ||
|---|---|---|---|
| 008 | 101004s1997 ||||||||||||||||| || u | ||
| 020 | _a8174886737 | ||
| 050 | _aQA 433 Iye | ||
| 100 | _aIyengar, N. CH. S. N | ||
| 245 | 1 | 0 | _aVector analysis |
| 260 |
_aNew Delhi: _bAnmol _c1997 |
||
| 300 | _avii, 514p.: ill | ||
| 350 | _a0.00 | ||
| 650 | 0 | _aALGEBRAS, LINEAR | |
| 650 | _aVECTOR ANALYSIS | ||
| 995 |
_D0.00 _FCBU-MAIN LIBRARY (Kitwe) _H1 _I0.00 _M1 _UAVAILABLE _WOct 11, 2010 _ZMain Library Open Access Collection |
||
| 999 |
_c61257 _d61257 |
||